000 00331nam a2200121Ia 4500
008 151213s9999 xx 000 0 und d
245 _aBangladesh Economic Review - 2004
_bEconomics Advisory Finance Division Ministry of Finance
260 _c2004
300 _a2345 p.
650 _aEconomics
650 _aEconomics
999 _c1655
_d1655